000 01090nam a2200337 a 4500
001 77651
003 BD-RjUL
005 20211209083016.0
008 201220s1960 enk b 000 0 eng u
035 _a(BD-RjUL)77877
040 _aYNG
_dOCL
_dm.c
_dEQO
_beng
_cBD-RjUL
041 _aeng
082 _223
_a822.33
_bSHT 1960
100 1 _aShakespeare, William,
_d1564-1616.
_9242702
245 1 4 _aThe tragedy of Coriolanus /
_cWilliam Shakespeare; Edited by John Dover Wilson.
260 _aCambridge :
_bUniversity Press,
_c1960.
300 _aliii, 274 p. :
_bill. ;
_c18 cm
490 1 _aThe works of Shakespeare
500 _aEdited by John Dover Wilson
504 _aIncludes bibliographical references
650 _aCoriolanus, Cnaeus Marcius
_9242703
650 _aCoriolanus (Shakespeare, William)
_9242704
650 _aRome (Empire)
_9242705
650 _aDrama
_9242706
700 1 _aWilson, John Dover,
_d1881-1969.
_9242709
830 _aThe works of Shakespeare
_9242710
942 _2ddc
_cBK
999 _c77651
_d77651